000
00264nam a2200109Ia 4500
008
240625s9999 xx 000 0 und d
041
_a
eng
082
_a
005.54 JAC
100
_a
JACOBSON REED
245
_a
MICROSOFT OFFICE EXCEL 2007 VISUAL BASIC
260
_c
2009
999
_c
34770
_d
34770